| 000 | 01304nam a2200301 a 4500 | ||
|---|---|---|---|
| 001 | 1910631 | ||
| 003 | AM-YeHGA | ||
| 005 | 20250617164713.0 | ||
| 008 | 230623s2023 ai a|||gr|||||||||1|arm|d | ||
| 020 | _a9789939607931 | ||
| 040 | _aAM-YeHGA | ||
| 041 | 1 |
_aarm _hrus |
|
| 041 | 0 | _arus | |
| 100 | 1 | _aԱլեքսանդեր, Իվետ | |
| 245 | 1 | 0 |
_aԵրջանկության օազիսը ։ _bՎիպակ = Оазис счастья : Повесть / _cԻ. Ալեքսանդեր ; Ռուս. թարգմ. և առաջաբ. հեղ.՝ Ա. Վարդանյան. |
| 246 | 1 | 1 |
_aОазис счастья : _bПовесть |
| 260 |
_aԵրևան : _bՎՄՎ-Պրինտ, _c2023. |
||
| 300 |
_a115 էջ ; 99 էջ ։ _bգուն. նկ., լուսանկ. ; _c21 սմ. |
||
| 500 | _aԵրկկողմանի գիրք՝ հակադարձ էջակալությամբ։ | ||
| 546 | _aԲնագիրը՝ զուգահեռ հայերեն և ռուսերեն։ | ||
| 650 | 1 | 4 | _aՀայ օտարագիր արձակ |
| 650 | 1 | 4 |
_aՀայ գրականություն _xՎիպակ |
| 650 | 1 | 4 | _aՀայ թարգմանական գրականություն |
| 653 | 0 | _aԻնքնակենսագրական վիպակ | |
| 700 | 1 |
_aՎարդանյան, Արտակ _eթարգմ. _4trl _eառաջաբ. _4aui |
|
| 942 |
_2udc _cBK |
||
| 090 | _c566537 | ||
| 999 |
_c528334 _d528334 |
||